000 01521nam a2200325 4500
003 CO-CtgCURN
005 20250329165441.0
008 160531s2000 000 0 eng d
040 _aCO-CtgCURN
_bspa
_ccoctgcurn
082 0 _aINQ 2000
_bY471
245 0 0 _aProtocolo de tecnicas y tratamientos de aloinjertos en ortopedia /
_cBlanca Yepez Rodríguez ... [et al.] ; asesor, Carlos Pereira.
260 _aCartagena de Indias :
_bCorporación Universitaria Rafael Nuñez,
_c2000.
300 _a78 h.
336 _2rdacontent
337 _2rdamedia
_asin mediacion
_bn
338 _2rdacarrier
_avolumen
_bnc
502 _aTrabajo de grado (Instrumentador Quirurgico). Corporación Universitaria Rafael Nuñez. Facultad de Ciencias de la Salud. Programa de Instrumentación Quirúrgica, 2000.
504 _aIncluye bibliografia.
590 _aInstrumentación Quirúrgica
650 0 _aInstrumentación Quirúrgica
_vTesis y disertaciones academicas.
700 1 _aYepez Rodríguez, Blanca.
700 1 _aMariño Sierra, Evelin.
700 1 _aValencia Quejada, Nora.
700 1 _aAguilera Pua, Shirley.
700 1 _aPereira, Carlos,
_easesor.
856 7 _uhttps://unicurn.sharepoint.com/:b:/s/biblioteca/Edy9CabnOxpOmnSNXoJJnhgBsyiM5YZsg3606HD5R8XGfw?e=NLiF5a
_zClick aqui para ver el recurso en texto completo
942 _hINQ 2000
_iY471
_2ddc
_cTG
999 _c4402
_d4402